000
00347pam a2200157a 44500
008
230515b2011 xxu||||| |||| 00| 0 eng d
020
_a
978812240265
041
_a
ENGLISH
082
_a
0
100
_a
GULATI R R
245
_a
COLOUR TELECISION
250
_a
0
260
_a
_b
NEW AGE INTERNATIONAL
_c
2011
300
_a
419
650
_a
NULL
999
_c
600882
_d
600882